[Event "Polfinaly Mistrzostw Polski Juniorow C17"]
[Site "Szklarska Poreba 2015"]
[Date "2015.??.??"]
[Round "3.7"]
[White "Zarnowski, Krzysztof"]
[Black "Pasieka, Marcin"]
[Result "1-0"]
[WhiteElo "2025"]
[BlackElo "1754"]
[PlyCount "85"]
[EventDate "2015.??.??"]

1. d4 Nf6 2. c4 e6 3. Nc3 Bb4 4. Qc2 d5 5. Bg5 O-O 6. Nf3 Nbd7 7. e3 c6 8. Bd3
Qc7 9. O-O dxc4 10. Bxc4 c5 11. Nb5 Qc6 12. a3 Ba5 13. dxc5 Bd8 14. b4 b6 15.
Nbd4 Qc7 16. c6 Ne5 17. Nxe5 Qxe5 18. Bf4 Qh5 19. Be2 Qg6 20. Qxg6 hxg6 21. Bd6
Re8 22. Bf3 Nd5 23. e4 Nf6 24. e5 Nd5 25. b5 Be7 26. c7 Bb7 27. Nc6 Bxc6 28.
bxc6 Rac8 29. Bxd5 exd5 30. Rad1 f6 31. f4 Kf7 32. Rxd5 Ke6 33. Rd3 Kf7 34. a4
Ke6 35. g3 Kf7 36. Kf2 Ke6 37. Ke3 Kf7 38. Kd4 Ke6 39. Kc4 Kf7 40. Kd5 Rh8 41.
h4 Rhe8 42. Rb3 Rg8 43. Ra1 1-0

[Event "Polfinaly Mistrzostw Polski Juniorow C17"]
[Site "Szklarska Poreba 2015"]
[Date "2015.??.??"]
[Round "3.8"]
[White "Rzeszowski, Dominik"]
[Black "Korpalski, Maciej"]
[Result "0-1"]
[WhiteElo "1808"]
[BlackElo "2007"]
[PlyCount "64"]
[EventDate "2015.??.??"]

1. e4 c5 2. Nc3 Nc6 3. g3 g6 4. Bg2 Bg7 5. d3 d6 6. f4 e6 7. Nf3 Nge7 8. O-O
O-O 9. Be3 Rb8 10. Qd2 b5 11. h3 b4 12. Nd1 a5 13. Rb1 a4 14. g4 f5 15. Nf2 Ba6
16. Rfd1 Qa5 17. Kh2 Nd4 18. Nh4 a3 19. c3 axb2 20. Bxd4 cxd4 21. cxb4 Qxb4 22.
Qxb4 Rxb4 23. exf5 gxf5 24. Rd2 fxg4 25. Rdxb2 Rxb2 26. Rxb2 Bh6 27. hxg4 Bxf4+
28. Kh3 d5 29. Rb6 Bc8 30. Nf3 Ng6 31. a4 Be3 32. Nd1 Nf4+ 0-1

[Event "Polfinaly Mistrzostw Polski Juniorow C17"]
[Site "Szklarska Poreba 2015"]
[Date "2015.??.??"]
[Round "3.9"]
[White "Jankowiak, Tomasz"]
[Black "Januszkiewicz, Wojciech"]
[Result "1/2-1/2"]
[WhiteElo "1768"]
[BlackElo "1965"]
[PlyCount "41"]
[EventDate "2015.??.??"]

1. e4 c5 2. Nf3 d6 3. Bb5+ Nd7 4. d4 cxd4 5. Qxd4 a6 6. Bxd7+ Bxd7 7. O-O Nf6
8. Bg5 e6 9. Nc3 Be7 10. e5 dxe5 11. Nxe5 Qc7 12. Nxd7 Qxd7 13. Qxd7+ Nxd7 14.
Bxe7 Kxe7 15. Rad1 Rhd8 16. f3 Rac8 17. Rfe1 Nb6 18. Rxd8 Rxd8 19. a3 Rd2 20.
Re2 Rxe2 21. Nxe2 1/2-1/2

[Event "Polfinaly Mistrzostw Polski Juniorow C17"]
[Site "Szklarska Poreba 2015"]
[Date "2015.??.??"]
[Round "3.11"]
[White "Zianowicz, Dominik"]
[Black "Koseski, Damian"]
[Result "1/2-1/2"]
[WhiteElo "1729"]
[BlackElo "1857"]
[PlyCount "56"]
[EventDate "2015.??.??"]

1. d4 Nf6 2. Nf3 g6 3. c4 Bg7 4. Nc3 O-O 5. Bg5 d6 6. e3 Nbd7 7. Be2 c5 8. O-O
a6 9. Qc2 Qc7 10. a3 cxd4 11. exd4 Nb6 12. b4 Be6 13. Bxf6 Bxf6 14. Ne4 Bg7 15.
Rac1 Rac8 16. Ned2 Qd7 17. Qb3 Bh6 18. d5 Bg4 19. Rfd1 Nxd5 20. cxd5 Rxc1 21.
Rxc1 Bxd2 22. Nxd2 Bxe2 23. Qc2 Bg4 24. f3 Bf5 25. Qc7 Rc8 26. Qxc8+ Qxc8 27.
Rxc8+ Bxc8 28. Kf2 Kf8 1/2-1/2

[Event "Polfinaly Mistrzostw Polski Juniorow C17"]
[Site "Szklarska Poreba 2015"]
[Date "2015.??.??"]
[Round "3.12"]
[White "Krawiec, Grzegorz"]
[Black "Kaminski, Piotr"]
[Result "0-1"]
[WhiteElo "1715"]
[BlackElo "1699"]
[PlyCount "38"]
[EventDate "2015.??.??"]

1. e4 c5 2. Nf3 Nc6 3. d4 cxd4 4. Nxd4 g6 5. Nc3 Bg7 6. Be3 Nf6 7. f3 O-O 8.
Qd2 d5 9. Bd3 Nxd4 10. Bxd4 dxe4 11. Bxf6 exf6 12. fxe4 f5 13. O-O-O fxe4 14.
Nxe4 Be6 15. a3 Re8 16. Rhf1 Qd5 17. Qb4 Qe5 18. h3 Red8 19. Kb1 Rd4 0-1

[Event "Polfinaly Mistrzostw Polski Juniorow C17"]
[Site "Szklarska Poreba 2015"]
[Date "2015.??.??"]
[Round "3.13"]
[White "Szczuraszyk, Jaroslaw"]
[Black "Buraczewski, Rafal"]
[Result "0-1"]
[WhiteElo "1559"]
[BlackElo "1894"]
[PlyCount "44"]
[EventDate "2015.??.??"]

1. d4 Nf6 2. c4 e6 3. Nc3 d5 4. Bg5 Nbd7 5. e3 c6 6. Nf3 Qa5 7. Qb3 Ne4 8. Bh4
Bb4 9. Rc1 Nb6 10. Ng5 Nxg5 11. Bxg5 dxc4 12. Bxc4 Bxc3+ 13. Qxc3 Qxg5 14. O-O
Nxc4 15. Qxc4 O-O 16. f4 Qd5 17. Qc2 Qxa2 18. Rf3 Qd5 19. Qf2 b6 20. g4 Bb7 21.
Re1 e5 22. e4 Qxd4 0-1

[Event "Polfinaly Mistrzostw Polski Juniorow C17"]
[Site "Szklarska Poreba 2015"]
[Date "2015.??.??"]
[Round "3.14"]
[White "Zylinski, Piotr"]
[Black "Planeta, Wojciech"]
[Result "1/2-1/2"]
[WhiteElo "1638"]
[BlackElo "1847"]
[PlyCount "69"]
[EventDate "2015.??.??"]

1. e4 c6 2. d4 d5 3. e5 c5 4. c3 Bf5 5. Nf3 e6 6. Be3 Qb6 7. b3 Nc6 8. Be2 cxd4
9. Nxd4 Nxd4 10. Qxd4 Qxd4 11. Bxd4 Ne7 12. Nd2 Nc6 13. Bb5 a6 14. Bxc6+ bxc6
15. O-O Be7 16. b4 a5 17. a3 f6 18. exf6 gxf6 19. Nb3 axb4 20. axb4 Kf7 21. Bc5
e5 22. Bxe7 Kxe7 23. Rfc1 Kd6 24. f3 Be6 25. Nc5 f5 26. Kf2 Rhg8 27. Rd1 Ke7
28. Nd3 e4 29. Nf4 Kd6 30. Ke3 Ke5 31. g3 Rgc8 32. Ne2 h6 33. Nd4 Bd7 34. Rdc1
h5 35. Ne2 1/2-1/2

[Event "Polfinaly Mistrzostw Polski Juniorow C17"]
[Site "Szklarska Poreba 2015"]
[Date "2015.??.??"]
[Round "3.15"]
[White "Romanski, Dawid"]
[Black "Wisniewski, Jacek"]
[Result "1/2-1/2"]
[WhiteElo "1517"]
[BlackElo "1804"]
[PlyCount "43"]
[EventDate "2015.??.??"]

1. e4 c5 2. Nc3 Nc6 3. f4 g6 4. Nf3 Bg7 5. Be2 d6 6. Bb5 Bd7 7. O-O e6 8. d3
Nge7 9. a3 O-O 10. Qe1 d5 11. Bxc6 Bxc6 12. e5 Qd7 13. d4 b6 14. Be3 cxd4 15.
Nxd4 Rac8 16. Rf3 f6 17. Qg3 fxe5 18. fxe5 Qc7 19. Rxf8+ Bxf8 20. Nxe6 Nf5 21.
Nxc7 Nxg3 22. hxg3 1/2-1/2

[Event "Polfinaly Mistrzostw Polski Juniorow C17"]
[Site "Szklarska Poreba 2015"]
[Date "2015.??.??"]
[Round "3.16"]
[White "Kucza, Jan"]
[Black "Zurawski, Kamil"]
[Result "1/2-1/2"]
[WhiteElo "1657"]
[BlackElo "1726"]
[PlyCount "82"]
[EventDate "2015.??.??"]

1. e4 c5 2. Nf3 Nc6 3. Nc3 Nf6 4. e5 Ng4 5. Qe2 Qc7 6. Nb5 Qd8 7. d4 cxd4 8.
Nfxd4 Ngxe5 9. Nxc6 dxc6 10. Qxe5 cxb5 11. Bxb5+ Bd7 12. Bd2 Rc8 13. O-O-O Qc7
14. Qxc7 Rxc7 15. Bf4 Rxc2+ 16. Kxc2 Bxb5 17. Rhe1 e6 18. Bd6 Bxd6 19. Rxd6 Ke7
20. Rd4 Rc8+ 21. Kd2 Rc5 22. Rc1 Rxc1 23. Kxc1 Bc6 24. a3 g6 25. g3 Bd5 26. Kd2
h5 27. h4 Kd6 28. Rd3 Ke5 29. Ke3 f6 30. Rc3 Bc6 31. b4 a6 32. Rd3 Bd5 33. f3
Kf5 34. a4 Bc6 35. a5 g5 36. hxg5 fxg5 37. Rd8 h4 38. Rf8+ Kg6 39. gxh4 gxh4
40. Rh8 Kg5 41. Kf2 e5 1/2-1/2

[Event "Polfinaly Mistrzostw Polski Juniorow C17"]
[Site "Szklarska Poreba 2015"]
[Date "2015.11.10"]
[Round "4.1"]
[White "Pilzak, Marcin"]
[Black "Wacior, Maciej"]
[Result "0-1"]
[WhiteElo "2102"]
[BlackElo "2004"]
[PlyCount "76"]
[EventDate "2015.??.??"]
[WhiteClock "0:11:05"]
[BlackClock "0:41:55"]

1. e4 c6 2. d4 d5 3. e5 Bf5 4. Nf3 e6 5. Be2 c5 6. Be3 c4 7. b3 cxb3 8. axb3
Bb4+ 9. Bd2 Nc6 10. Bxb4 Nxb4 11. Na3 Rc8 12. c4 a6 13. Qd2 Nc6 14. c5 f6 15.
exf6 Nxf6 16. O-O Ne4 17. Qe3 O-O 18. Nd2 Qg5 19. f4 Qf6 20. Nxe4 Bxe4 21. Rad1
Rb8 22. Rd2 Ne7 23. Qc3 Nf5 24. b4 Qh6 25. Bg4 g5 26. fxg5 Qxg5 27. Bxf5 exf5
28. b5 f4 29. b6 f3 30. g3 h5 31. Kf2 Qg4 32. Ke1 Rbe8 33. Kd1 f2+ 34. Kc1 Rf3
35. Qb4 Qg5 36. Nc2 Bd3 37. Qb3 Be2 38. Qa4 Bb5 0-1

[Event "Polfinaly Mistrzostw Polski Juniorow C17"]
[Site "Szklarska Poreba 2015"]
[Date "2015.11.10"]
[Round "4.2"]
[White "Adamczewski, Maciej"]
[Black "Osinski, Emil"]
[Result "1-0"]
[WhiteElo "1985"]
[BlackElo "1967"]
[PlyCount "141"]
[EventDate "2015.??.??"]
[WhiteClock "0:14:18"]
[BlackClock "0:00:32"]

1. d4 Nf6 2. Nf3 g6 3. Nc3 d5 4. Bg5 Bg7 5. Bxf6 exf6 6. g3 O-O 7. Bg2 c6 8.
O-O Re8 9. Re1 f5 10. e3 Nd7 11. Ne2 Nf6 12. b3 Be6 13. Rc1 Ne4 14. c4 Rc8 15.
Nf4 Qa5 16. Qe2 b5 17. c5 b4 18. Rc2 Rb8 19. Rec1 Bc8 20. Bf1 Re7 21. Kg2 Bb7
22. h4 Rbe8 23. Qe1 Rb8 24. Bd3 Ba6 25. Qe2 Bxd3 26. Nxd3 Qa6 27. h5 g5 28. Qd1
Qb7 29. Nfe5 f6 30. Nf3 Rbe8 31. Ng1 a5 32. Qf3 Qd7 33. Re1 Bh6 34. Kh2 Qe6 35.
Kg2 g4 36. Qd1 Nc3 37. Qd2 Qf7 38. Rxc3 bxc3 39. Qxc3 Ra7 40. Ne2 Qe7 41. Nef4
Qe4+ 42. Kg1 Qf3 43. a3 Rae7 44. Qxa5 Re4 45. Qd2 Bxf4 46. Nxf4 R4e7 47. Qd3
Qe4 48. Qa6 Rc7 49. Qb6 Rec8 50. b4 Qe7 51. b5 Qd7 52. bxc6 Rxc6 53. Qb3 Rd8
54. Rb1 Ra6 55. Qd3 Rda8 56. Rb3 Kg7 57. Qb1 R8a7 58. Qb2 Kh6 59. Qc3 Kg5 60.
Qb4 Ra8 61. Kg2 Kh6 62. Rc3 Qc6 63. Qb1 Kg5 64. Rb3 Rd8 65. h6 Qe8 66. Rb6 Rxb6
67. cxb6 Rb8 68. a4 Kxh6 69. a5 Qc8 70. Qb5 Qb7 71. Qxd5 1-0

[Event "Polfinaly Mistrzostw Polski Juniorow C17"]
[Site "Szklarska Poreba 2015"]
[Date "2015.11.10"]
[Round "4.3"]
[White "Golda, Sebastian"]
[Black "Smal, Tobiasz"]
[Result "0-1"]
[WhiteElo "1868"]
[BlackElo "1945"]
[PlyCount "128"]
[EventDate "2015.??.??"]
[WhiteClock "0:02:58"]
[BlackClock "0:13:53"]

1. e4 c5 2. g3 d5 3. exd5 Qxd5 4. Nf3 Bg4 5. Bg2 Qe6+ 6. Kf1 Nc6 7. h3 Bh5 8.
Nc3 Nf6 9. a4 Qd7 10. a5 Rc8 11. d3 e6 12. Bg5 Be7 13. a6 b6 14. Kg1 h6 15. Bf4
Bd6 16. Bxd6 Qxd6 17. Kh2 Nd4 18. Re1 O-O 19. Kg1 Bxf3 20. Bxf3 Rfd8 21. Ne4
Nxe4 22. Bxe4 g6 23. c3 Nb5 24. Qe2 Nc7 25. Rad1 b5 26. Ra1 Rb8 27. h4 Rb6 28.
Qe3 Kg7 29. h5 Nd5 30. Qf3 g5 31. Rad1 f5 32. g4 fxg4 33. Qxg4 Qf4 34. Qh3 Nf6
35. Bg6 Qg4+ 36. Qxg4 Nxg4 37. f3 Nf6 38. Re5 Rd5 39. Re3 Rxa6 40. Rde1 Rdd6
41. Re5 Nd7 42. R5e2 Kf6 43. Be8 Rxd3 44. Kg2 Rb6 45. Kf2 Nf8 46. f4 gxf4 47.
Re4 Ke7 48. Rxf4 Kxe8 49. Rf6 Rd5 50. Rxh6 Rf5+ 51. Kg3 Kf7 52. Kg4 Rf6 53. Kg5
Rxh6 54. Kxh6 e5+ 55. Kg5 Nh7+ 56. Kf5 Rf6+ 57. Ke4 Ke6 58. Ra1 Ng5+ 59. Ke3
Rf3+ 60. Ke2 Rh3 61. Rxa7 Rxh5 62. b3 Kd5 63. Rb7 Ne4 64. Rd7+ Nd6 0-1

[Event "Polfinaly Mistrzostw Polski Juniorow C17"]
[Site "Szklarska Poreba 2015"]
[Date "2015.11.10"]
[Round "4.4"]
[White "Rosicki, Marcin"]
[Black "Czajkowski, Adam"]
[Result "0-1"]
[WhiteElo "1907"]
[BlackElo "2103"]
[PlyCount "44"]
[EventDate "2015.??.??"]
[WhiteClock "0:15:00"]
[BlackClock "0:13:01"]

1. e4 c5 2. Nf3 e6 3. d4 cxd4 4. Nxd4 a6 5. Nc3 Qc7 6. g3 Nf6 7. Bg2 Nc6 8. O-O
Be7 9. Re1 d6 10. Nxc6 bxc6 11. e5 dxe5 12. Rxe5 O-O 13. Bf4 Qb7 14. Rb1 Nd5
15. Re4 Rd8 16. Rd4 Bd7 17. Na4 c5 18. Rxd5 exd5 19. Bxd5 Bc6 20. c4 Bxd5 21.
cxd5 Rxd5 22. Qf3 Rad8 0-1

[Event "Polfinaly Mistrzostw Polski Juniorow C17"]
[Site "Szklarska Poreba 2015"]
[Date "2015.11.10"]
[Round "4.5"]
[White "Kaminski, Piotr"]
[Black "Zarnowski, Krzysztof"]
[Result "1/2-1/2"]
[WhiteElo "1699"]
[BlackElo "2025"]
[PlyCount "85"]
[EventDate "2015.??.??"]
[WhiteClock "0:01:04"]
[BlackClock "0:20:00"]

1. e4 c6 2. Nf3 d5 3. Nc3 dxe4 4. Nxe4 Nd7 5. Bc4 Ngf6 6. Neg5 e6 7. Nxf7 Kxf7
8. Ng5+ Ke8 9. Nxe6 Qe7 10. O-O Ne5 11. Re1 Nfg4 12. h3 Bxe6 13. Bxe6 Qxe6 14.
hxg4 Kf7 15. d4 Qxg4 16. dxe5 Qxd1 17. Rxd1 Ke6 18. Be3 Be7 19. Kf1 g5 20. Ke2
b6 21. Rd3 Rad8 22. Rad1 Rxd3 23. Rxd3 h5 24. Bd4 Rd8 25. Ke3 Kf5 26. f3 h4 27.
Bc3 c5 28. b3 b5 29. Rxd8 Bxd8 30. e6 Kxe6 31. Ke4 b4 32. Bd2 Bf6 33. Be3 Be7
34. Bc1 Bf6 35. Bd2 a6 36. Be3 Be7 37. Bg1 Bd6 38. Bf2 Bf8 39. Be1 Bg7 40. Bd2
Bf6 41. Bc1 Bd8 42. Be3 Be7 43. Bf2 {Ke5+} 1/2-1/2

[Event "Polfinaly Mistrzostw Polski Juniorow 20"]
[Site "Szklarska Poreba - <=>Krolowa K"]
[Date "2015.??.??"]
[Round "4.6"]
[White "Korpalski, Maciej"]
[Black "Wisniewski, Szymon"]
[Result "1-0"]
[WhiteElo "2007"]
[BlackElo "1891"]
[PlyCount "67"]
[EventDate "2015.??.??"]

1. e4 c5 2. Nf3 Nc6 3. d4 cxd4 4. Nxd4 g6 5. Nc3 Bg7 6. Be3 Nf6 7. Bc4 d6 8. f3
O-O 9. Bb3 Bd7 10. Qd2 Na5 11. g4 Re8 12. O-O-O Nxb3+ 13. Nxb3 a5 14. Nd4 a4
15. a3 b5 16. Na2 Rc8 17. Bh6 Bh8 18. h4 Rc4 19. c3 Nxe4 20. Qh2 Qc7 21. Kb1
Nf6 22. h5 e5 23. Nc2 Be6 24. Nab4 Qe7 25. Bg5 Rc5 26. Ne3 Qb7 27. hxg6 Qxf3
28. Bxf6 Qxf6 29. Qxh7+ Kf8 30. Qxh8+ Ke7 31. Nbd5+ Bxd5 32. Nxd5+ Rxd5 33.
Qxf6+ Kxf6 34. Rxd5 1-0

[Event "Polfinaly Mistrzostw Polski Juniorow 20"]
[Site "Szklarska Poreba - <=>Krolowa K"]
[Date "2015.??.??"]
[Round "4.7"]
[White "Januszkiewicz, Wojciech"]
[Black "Litner, Igor"]
[Result "1/2-1/2"]
[WhiteElo "1965"]
[BlackElo "1695"]
[PlyCount "81"]
[EventDate "2015.??.??"]

1. e4 e5 2. Nf3 Nc6 3. Bb5 Nf6 4. d3 d6 5. O-O Be7 6. c3 a6 7. Ba4 O-O 8. h3 b5
9. Bb3 d5 10. exd5 Nxd5 11. Re1 Bf6 12. Nbd2 Re8 13. Ne4 Bf5 14. Be3 b4 15. Ba4
Bd7 16. Qb3 Nxe3 17. Rxe3 bxc3 18. Qxc3 Ne7 19. Nxf6+ gxf6 20. Bxd7 Qxd7 21.
Qc4 Qe6 22. Re4 Qxc4 23. Rxc4 Rab8 24. b3 Nd5 25. g3 Red8 26. Nh4 Rb7 27. Nf5
Nb4 28. Ne7+ Kf8 29. Rxb4 Rxb4 30. Nc6 Rbd4 31. Nxd8 Rxd8 32. Rc1 Rxd3 33. Rxc7
Rd2 34. a4 a5 35. Rc5 Rb2 36. Rxa5 Rxb3 37. Ra8+ Kg7 38. a5 Ra3 39. a6 f5 40.
Kf1 Ra2 41. Ra7 1/2-1/2

[Event "Polfinaly Mistrzostw Polski Juniorow 20"]
[Site "Szklarska Poreba - <=>Krolowa K"]
[Date "2015.??.??"]
[Round "4.8"]
[White "Fukowski, Pawel"]
[Black "Jankowiak, Tomasz"]
[Result "1/2-1/2"]
[WhiteElo "1933"]
[BlackElo "1768"]
[PlyCount "72"]
[EventDate "2015.??.??"]

1. d4 d5 2. Nf3 Nf6 3. g3 c6 4. Bg2 Bf5 5. O-O e6 6. c4 Nbd7 7. b3 Be7 8. Nc3
h6 9. Bb2 O-O 10. Nd2 Qb6 11. Na4 Qc7 12. Rc1 Rad8 13. h3 g6 14. f4 Be4 15.
Nxe4 Nxe4 16. Bxe4 dxe4 17. Qc2 f5 18. c5 Nf6 19. e3 Nd5 20. Qd2 Kf7 21. Kh2 g5
22. a3 h5 23. Nc3 h4 24. Nxd5 hxg3+ 25. Kxg3 cxd5 26. Rg1 Rh8 27. Kh2 Rh4 28.
Rcf1 Rdh8 29. Rg3 g4 30. Kg2 Rxh3 31. Rxh3 Rxh3 32. Rh1 Rxh1 33. Kxh1 Qd8 34.
Bc3 Qh8+ 35. Kg2 Ke8 36. b4 b5 1/2-1/2

[Event "Polfinaly Mistrzostw Polski Juniorow 20"]
[Site "Szklarska Poreba - <=>Krolowa K"]
[Date "2015.??.??"]
[Round "4.9"]
[White "Buraczewski, Rafal"]
[Black "Zianowicz, Dominik"]
[Result "1/2-1/2"]
[WhiteElo "1894"]
[BlackElo "1729"]
[PlyCount "132"]
[EventDate "2015.??.??"]

1. d4 d5 2. Nf3 Nf6 3. c4 e6 4. Nc3 Be7 5. Bg5 Nbd7 6. e3 O-O 7. Bd3 c6 8. O-O
h6 9. Bh4 Re8 10. Rc1 dxc4 11. Bxc4 Nd5 12. Bg3 Nxc3 13. bxc3 c5 14. Bb3 Nf6
15. Qd3 b6 16. e4 Bb7 17. Rfe1 Rc8 18. Ne5 cxd4 19. Ba4 Rf8 20. cxd4 Bxe4 21.
Qe3 Bb7 22. Nc6 Bxc6 23. Bxc6 Nd5 24. Qe4 Bb4 25. Red1 Nc3 26. Rxc3 Bxc3 27.
Be5 Qg5 28. f4 Qf5 29. Qxf5 exf5 30. d5 Bxe5 31. fxe5 Rfd8 32. Rf1 g6 33. Re1
Kf8 34. e6 fxe6 35. Rxe6 Kf7 36. Kf2 Rxc6 37. Rxc6 Rxd5 38. Rc7+ Kf6 39. Rxa7
Ra5 40. Rc7 Rxa2+ 41. Ke3 Ra3+ 42. Kf2 Rb3 43. h4 g5 44. Rc6+ Kg7 45. Rc7+ Kg6
46. Rc4 b5 47. Rd4 b4 48. hxg5 hxg5 49. g4 fxg4 50. Rxg4 Kf5 51. Rc4 Rb1 52.
Kg2 b3 53. Rc5+ Kg6 54. Rb5 b2 55. Kf2 Kf6 56. Rb8 Ke5 57. Re8+ Kd6 58. Rb8 Kc7
59. Rb3 Kc6 60. Rb8 Kc5 61. Rc8+ Kb5 62. Rb8+ Kc6 63. Rb3 Kc5 64. Rb8 Kc4 65.
Rc8+ Kb4 66. Rb8+ Kc4 1/2-1/2

[Event "Polfinaly Mistrzostw Polski Juniorow 20"]
[Site "Szklarska Poreba - <=>Krolowa K"]
[Date "2015.??.??"]
[Round "4.10"]
[White "Drozniak, Stanislaw"]
[Black "Koseski, Damian"]
[Result "1/2-1/2"]
[WhiteElo "1857"]
[BlackElo "1857"]
[PlyCount "108"]
[EventDate "2015.??.??"]

1. e4 c5 2. Nf3 d6 3. d4 Nf6 4. Nc3 cxd4 5. Nxd4 g6 6. Be3 Bg7 7. f3 O-O 8. Qd2
Nc6 9. O-O-O d5 10. exd5 Nxd5 11. Nxc6 bxc6 12. Nxd5 cxd5 13. Bh6 Bxh6 14. Qxh6
Qa5 15. Kb1 Rb8 16. b3 Bf5 17. Bd3 Bxd3 18. Rxd3 Rfc8 19. Qd2 Qxd2 20. Rxd2 e6
21. Kb2 Rc5 22. Re1 Kg7 23. f4 Kf6 24. Rd4 a5 25. g4 Rbc8 26. Re2 Rc3 27. Rd3
Rxd3 28. cxd3 g5 29. fxg5+ Kxg5 30. Rc2 Rf8 31. Rc5 Kxg4 32. Rxa5 f5 33. Kc2 f4
34. Kd2 f3 35. Ra4+ Kh3 36. Ke1 Kxh2 37. Kf2 Kh3 38. Ra7 h5 39. Rg7 h4 40. a4
e5 41. a5 Rb8 42. Rg5 Rxb3 43. Rxe5 Rxd3 44. a6 Kg4 45. a7 Rd2+ 46. Kf1 Ra2 47.
Rxd5 Rxa7 48. Rd8 Ra1+ 49. Kf2 Ra2+ 50. Kf1 h3 51. Rg8+ Kf4 52. Rf8+ Kg3 53.
Rg8+ Kh2 54. Rf8 f2 1/2-1/2

[Event "Polfinaly Mistrzostw Polski Juniorow 20"]
[Site "Szklarska Poreba - <=>Krolowa K"]
[Date "2015.??.??"]
[Round "4.11"]
[White "Planeta, Wojciech"]
[Black "Romanski, Dawid"]
[Result "0-1"]
[WhiteElo "1847"]
[BlackElo "1517"]
[PlyCount "76"]
[EventDate "2015.??.??"]

1. e4 e5 2. Nf3 Nc6 3. Bc4 Bc5 4. O-O Nf6 5. d4 Bxd4 6. Nxd4 Nxd4 7. f4 d6 8.
fxe5 dxe5 9. Bg5 Qd6 10. Nd2 c6 11. c3 Bg4 12. Rxf6 gxf6 13. Qxg4 h5 14. Qh3
fxg5 15. cxd4 Qxd4+ 16. Kh1 b5 17. Bb3 g4 18. Qh4 Qd6 19. Rf1 Rf8 20. Qxh5
O-O-O 21. Qxg4+ Kb8 22. h3 a5 23. Nb1 Qd4 24. Qe2 a4 25. Bd1 Qd3 26. Qxd3 Rxd3
27. Bc2 Rd4 28. Kh2 Rc4 29. Rf2 Kc7 30. Nc3 Kd6 31. a3 f6 32. h4 f5 33. Rxf5
Rxf5 34. exf5 Rxh4+ 35. Kg3 Rc4 36. Kh3 Ke7 37. g4 b4 38. axb4 a3 0-1

[Event "Polfinaly Mistrzostw Polski Juniorow 20"]
[Site "Szklarska Poreba - <=>Krolowa K"]
[Date "2015.??.??"]
[Round "4.12"]
[White "Szych, Adam"]
[Black "Rzeszowski, Dominik"]
[Result "0-1"]
[WhiteElo "1348"]
[BlackElo "1808"]
[PlyCount "61"]
[EventDate "2015.??.??"]

1. e4 d5 2. exd5 Qxd5 3. Nc3 Qd6 4. d4 Nf6 5. Bc4 a6 6. Nge2 b5 7. Bb3 Bb7 8.
Bf4 Qd8 9. O-O g6 10. Qd2 Bg7 11. Rad1 O-O 12. Ng3 Nbd7 13. Rfe1 Nb6 14. Nce4
Nxe4 15. Nxe4 Bd5 16. c3 Bxb3 17. axb3 Re8 18. Nc5 Nd7 19. Ne4 e5 20. dxe5 Nxe5
21. Kf1 Qxd2 22. Rxd2 Rad8 23. Red1 Rxd2 24. Rxd2 a5 25. Bg5 a4 26. Nf6+ Bxf6
27. Bxf6 Ng4 28. Bh4 Nxh2+ 29. Kg1 Ng4 30. Rd8 Rxd8 31. Bxd8 0-1

[Event "Polfinaly Mistrzostw Polski Juniorow 20"]
[Site "Szklarska Poreba - <=>Krolowa K"]
[Date "2015.??.??"]
[Round "4.13"]
[White "Wisniewski, Jacek"]
[Black "Zylinski, Piotr"]
[Result "1-0"]
[WhiteElo "1804"]
[BlackElo "1638"]
[PlyCount "119"]
[EventDate "2015.??.??"]

1. e4 Nf6 2. e5 Nd5 3. c4 Nb6 4. d4 d6 5. exd6 cxd6 6. Nc3 g6 7. Be3 Bg7 8. Bd3
O-O 9. Nge2 Nc6 10. b3 e5 11. d5 Ne7 12. O-O Bf5 13. Rc1 Bxd3 14. Qxd3 Nd7 15.
Nb5 Nf5 16. Bd2 a6 17. Nbc3 Rc8 18. Na4 h5 19. Ng3 Nxg3 20. Qxg3 Nf6 21. Nc3
Ng4 22. h3 Bh6 23. Qd3 Bxd2 24. Qxd2 Nf6 25. Rfd1 Kg7 26. Qe1 Nh7 27. Qe3 f5
28. Na4 b5 29. cxb5 axb5 30. Rxc8 Qxc8 31. Rc1 Qb7 32. Qb6 Rf7 33. Qxb7 Rxb7
34. Nb2 Kf7 35. Nd3 Nf6 36. Nb4 Nd7 37. Nc6 Ke8 38. a4 Nb6 39. a5 Nxd5 40. Rd1
Kd7 41. Nxe5+ dxe5 42. Rxd5+ Ke6 43. Rc5 b4 44. Rc6+ Kd5 45. Rxg6 Rb5 46. Rb6
Kc5 47. Rxb5+ Kxb5 48. f4 exf4 49. Kf2 Kxa5 50. Kf3 Kb5 51. Kxf4 Kc5 52. Kxf5
Kd4 53. g4 hxg4 54. hxg4 Kc3 55. g5 Kxb3 56. g6 Kc2 57. g7 b3 58. g8=Q Kb2 59.
Qg2+ Kc1 60. Qf1+ 1-0

[Event "Polfinaly Mistrzostw Polski Juniorow 20"]
[Site "Szklarska Poreba - <=>Krolowa K"]
[Date "2015.??.??"]
[Round "4.16"]
[White "Krawiec, Grzegorz"]
[Black "Kucza, Jan"]
[Result "1-0"]
[WhiteElo "1715"]
[BlackElo "1657"]
[PlyCount "119"]
[EventDate "2015.??.??"]

1. e4 c5 2. Nf3 e6 3. d4 cxd4 4. Nxd4 Nf6 5. Nc3 Nc6 6. Ndb5 Bb4 7. a3 Bxc3+ 8.
Nxc3 d5 9. exd5 exd5 10. Bd3 O-O 11. O-O d4 12. Ne2 Qd5 13. b4 a6 14. Bb2 Kh8
15. Re1 b5 16. Nf4 Qd6 17. Qf3 Ng4 18. Be4 Nge5 19. Qg3 f5 20. Nh5 Qh6 21. Bxc6
Nxc6 22. Nf4 Bd7 23. Red1 Rad8 24. Bxd4 Nxd4 25. Rxd4 Bc6 26. Rad1 Qf6 27. Ne6
Rxd4 28. Nxd4 Bd5 29. c3 Re8 30. Qf4 g6 31. Qd2 Qe5 32. Nc2 Be4 33. Re1 Qb8 34.
Qe3 Bc6 35. Qd4+ Kg8 36. c4 Rxe1+ 37. Nxe1 Qe8 38. Nd3 Qe4 39. Qxe4 Bxe4 40.
Ne5 bxc4 41. Nxc4 Bd3 42. Nb2 Be4 43. f3 Bc6 44. Kf2 Kf7 45. Ke3 Ke6 46. Kd4
Bb5 47. f4 Bf1 48. g3 h6 49. h4 h5 50. Kc5 Kd7 51. Nc4 Ke6 52. Ne5 Kf6 53. a4
Bg2 54. Nc6 Ke6 55. b5 axb5 56. axb5 Kd7 57. Ne5+ Kc7 58. Nxg6 Bf3 59. Ne7 Be4
60. Nd5+ 1-0

[Event "Polfinaly Mistrzostw Polski Juniorow 20"]
[Site "Szklarska Poreba - <=>Krolowa K"]
[Date "2015.??.??"]
[Round "5.6"]
[White "Rzeszowski, Dominik"]
[Black "Januszkiewicz, Wojciech"]
[Result "1/2-1/2"]
[WhiteElo "1808"]
[BlackElo "1965"]
[PlyCount "60"]
[EventDate "2015.??.??"]

1. e4 c5 2. Nc3 Nc6 3. f4 g6 4. Nf3 Bg7 5. Bb5 d6 6. Bxc6+ bxc6 7. O-O Nf6 8.
d3 O-O 9. Qe1 Nd7 10. f5 e6 11. fxe6 fxe6 12. Bg5 Qc7 13. Qh4 e5 14. Ne2 Re8
15. c4 Nf8 16. Bf6 Bxf6 17. Qxf6 Bg4 18. h3 Bxf3 19. Rxf3 Ne6 20. Raf1 Qd7 21.
b3 Rad8 22. Qh4 Rf8 23. Rf6 Rxf6 24. Rxf6 Rf8 25. Rxf8+ Kxf8 26. Qf6+ Kg8 27.
g3 Qf7 28. Qxf7+ Kxf7 29. Kg2 Kf6 30. Kf3 h6 1/2-1/2

[Event "Polfinaly Mistrzostw Polski Juniorow 20"]
[Site "Szklarska Poreba - <=>Krolowa K"]
[Date "2015.??.??"]
[Round "5.7"]
[White "Zianowicz, Dominik"]
[Black "Fukowski, Pawel"]
[Result "0-1"]
[WhiteElo "1729"]
[BlackElo "1933"]
[PlyCount "80"]
[EventDate "2015.??.??"]

1. Nf3 f5 2. d4 Nf6 3. g3 g6 4. Bg2 Bg7 5. O-O O-O 6. c3 d5 7. Nbd2 Nbd7 8. Re1
e6 9. Nf1 b6 10. Ng5 Re8 11. f3 h6 12. Nh3 Bb7 13. Nf2 e5 14. dxe5 Nxe5 15. Qc2
c5 16. Bf4 Qe7 17. e4 fxe4 18. fxe4 Nxe4 19. Nxe4 dxe4 20. Bxe4 Bxe4 21. Qxe4
Qf7 22. Rad1 Nc4 23. Qc6 Rxe1 24. Qxa8+ Re8 25. Rd8 Rxd8 26. Qxd8+ Kh7 27. b3
Na5 28. Qd2 Qf6 29. c4 Nc6 30. Qd5 Nb4 31. Qb7 Nxa2 32. Qxa7 Nc3 33. Kg2 Qc6+
34. Kf2 Qe4 35. Qd7 Qe2+ 36. Kg1 Qf3 37. h4 Ne2+ 38. Kh2 Qf2+ 39. Kh3 Ng1+ 40.
Kg4 Qf3# 0-1

[Event "Polfinaly Mistrzostw Polski Juniorow 20"]
[Site "Szklarska Poreba - <=>Krolowa K"]
[Date "2015.??.??"]
[Round "5.8"]
[White "Jankowiak, Tomasz"]
[Black "Rosicki, Marcin"]
[Result "1/2-1/2"]
[WhiteElo "1768"]
[BlackElo "1907"]
[PlyCount "82"]
[EventDate "2015.??.??"]

1. e4 e5 2. Nf3 Nc6 3. Nc3 Nf6 4. d4 Bb4 5. Nxe5 Qe7 6. Qd3 Nxd4 7. Qxd4 c5 8.
Qe3 Qxe5 9. Bd2 O-O 10. Bd3 d5 11. exd5 Bxc3 12. bxc3 Qxd5 13. c4 Qc6 14. O-O
Re8 15. Qg5 Ne4 16. Qf4 Nxd2 17. Qxd2 Be6 18. a4 Rad8 19. Qc3 Rd4 20. a5 Qd6
21. Rab1 Re7 22. Rfe1 Rh4 23. g3 Rd4 24. Bf1 h6 25. Rb3 Rd7 26. Rbb1 Qc6 27.
Bg2 Qa4 28. Qb2 Qxa5 29. Bxb7 Rxc4 30. Bc8 Rb4 31. Qc3 Rd6 32. Bxe6 Rxe6 33.
Rf1 Qb6 34. Rxb4 Qxb4 35. Qxb4 cxb4 36. Ra1 Rc6 37. Rxa7 Rxc2 38. Ra4 Rb2 39.
h4 g6 40. Kg2 b3 41. Kf3 Kg7 1/2-1/2